000 00785nam a2200181Ia 4500
008 100920s9999 xx 000 0 und d
082 _b84543
_a28 व 539 न 02
100 _aकुकडे सुकती.
245 _aस्वच्छ पाणी आरोग्याची गुरूकिल्ली.
260 _bदिलीपराज प्रकाशन प्रा.लि.पुणे-30.
_c2002
300 _a42
_bसाधी
365 _b30
520 _aबा.वि.शाआ.
630 _aस्वच्छ पाणी आरोग्याची गुरूकिल्ली.
650 _aबा.वि.शाआ.
730 _aस्वच्छ पाणी आरोग्याची गुरूकिल्ली.
942 _cBOOK
999 _c725084
_d725081